Kentucky 6A High School Football Champions - Statistics

General Stats
  • This quiz has been taken 18 times
  • The average score is 11 of 18
Answer Stats
Hint Answer % Correct
2024 Trinity
100%
2023 Trinity
100%
2021 St. Xavier
60%
2009 St. Xavier
60%
2020 Trinity
60%
2019 Trinity
60%
2017 Trinity
60%
2016 Trinity
60%
2014 Trinity
60%
2012 Trinity
60%
2011 Trinity
60%
2010 Trinity
60%
2008 Trinity
60%
2007 Trinity
60%
2015 Male
47%
2018 Male
40%
2022 Bullitt East
27%
2013 Scott County
27%
No matching quizzes found
Score Distribution
Percent of People with Each Score
Percentile by Number Answered
Your Score History
You have not taken this quiz